000 01234nas a2200361 4500
001 BR2012002533
003 BR-BrBNA
005 20231205120413.0
007 ta
008 230509b bl.|||p| |||| 00| 00por d
040 _aBR-BrBNA
_bpor
_cBiblioteca Nacional de Agricultura
041 _a(Pt)
072 _aL73
100 1 _aFerreira, D.R.A.
100 1 _aLaroque, P. de O.
100 1 _aWagner, P.G.C.
100 1 _aHigino, S.S. dos S.
100 1 _aAzevedo, S.S.
100 1 _aRego, E.W.
100 1 _aMota, R.A.
245 1 _aOcorrência de anticorpos e fatores de risco associados à infecção por Leptospira spp. e, Cebus spp. mantidos em cativeiro no Nordeste do Brasil
246 1 _aOccurrence of antibodies and risk factors associated with Leptospira spp. infection in capitivity Cebus spp. from Northeast of Brazil
650 _aMACACO PREGO
650 _aCEBUS SP
650 _aANIMAL SELVAGEM
650 _aLEPTOSPIROSE
650 _aDOENÇA ANIMAL
650 _aBACTÉRIA
650 _aANTICORPO
773 0 _tPesquisa Veterinária Brasileira (Brazil)
_xISSN 0100-736X
_g(Nov 2011), v. 31(11) p. 1019-1023
_wBR2012002533
909 _a202311
_bLúcia
_c55
_dLúcia Elande
942 _2AGRIS
_n0
_cANA
999 _c218331
_d218331